000 00595nam a2200181Ia 4500
999 _c34581
_d34581
003 GCL
005 20240530102757.0
008 140319s9999 xx 000 0 ara d
040 _aGCL /
_cGCL
082 0 4 _a239\
_bع د
100 1 _aعبدالحليم محمود
245 1 0 _aدلائل النبوة ومعجزات الرسول صلى الله عليه وسلم /
_cعبدالحليم محمود
260 _a[S.N] :
_bدار الشعب للطباعة والنشر ،
_c1984
300 _a374 ص
650 0 4 _aالاسلام
650 0 4 _aالسيرة النبوية
942 _2ddc
_cBK